Encrucijadas del cogobierno en la Bolivia actual /
Αποθηκεύτηκε σε:
| Κύριος συγγραφέας: | |
|---|---|
| Μορφή: | Κείμενο |
| Θέματα: | |
| Ετικέτες: |
Προσθήκη ετικέτας
Δεν υπάρχουν, Καταχωρήστε ετικέτα πρώτοι!
|
MARC
| LEADER | 00000 a a2200000 04500 | ||
|---|---|---|---|
| 001 | 11061 | ||
| 003 | |||
| 040 | |||
| 100 | |a Fornillo, Bruno | ||
| 245 | |a Encrucijadas del cogobierno en la Bolivia actual / |c Bruno Fornillo | ||
| 650 | |a GOBIERNO | ||
| 650 | |a ESTADO | ||
| 650 | |a BOLIVIA | ||
| 773 | |g volumen 8, número 22; páginas 131-141 | ||
| 999 | |c 30346 |d 30346 | ||
